| 000 | 00843cpcaa2200253 4500 | ||
|---|---|---|---|
| 001 | mm 81016634 | ||
| 003 | DLC | ||
| 005 | 20260227111707.0 | ||
| 008 | 810423|||||||||||| eng | ||
| 010 | _amm 81016634 | ||
| 040 |
_aDLC _cDLC _edacs _dDLC |
||
| 072 | 7 |
_aC _2lcmd |
|
| 100 | 1 |
_aConnolly, James B., _q(James Brendan), _d1868-1957. |
|
| 245 | 0 | 4 |
_aThe master mariner : _bthe life and voyages of Amasa Delano : _ktypescript, _f1942. |
| 300 |
_a1 _fitem. |
||
| 300 |
_a1 _fcontainer. |
||
| 506 | 0 | _aOpen to research. | |
| 545 | 0 | _aAuthor. | |
| 546 | _aCollection material in English. | ||
| 600 | 1 | 0 |
_aDelano, Amasa, _d1763-1823. |
| 656 | 7 |
_aAuthors. _2itoamc |
|
| 999 |
_c43081 _d43081 |
||